First Word Children's Literature Quiz Stats

 Plays Quiz Updated Apr 3, 2017

Challenge
Share
Tweet
Embed
Score 0/30 Timer 04:00
2 Plays Today
Book Title First Word % Correct
_____ Potter and the Sorcerer's StoneHarry
98.6%
_____ and the Giant PeachJames
96.7%
_____ You There God? It's me, Margaret.Are
96.2%
_____ PanPeter
95.7%
_____ of a Wimpy KidDiary
94.2%
_____ with a Chance of MeatballsCloudy
93.2%
_____ Popper's PenguinsMr.
88.4%
_____, Dog. Go!Go
88%
_____ the Red Fern GrowsWhere
86.1%
_____ to Eat Fried WormsHow
81.3%
_____ BeautyBlack
80.8%
_____ GeorgeCurious
79.7%
_____ on PopHop
79.1%
_____ House in the Big WoodsLittle
78.2%
_____ EnchantedElla
77.6%
Book Title First Word % Correct
_____ You Give a Mouse a CookieIf
77.5%
_____ Little Stuart
77.3%
_____ BedeliaAmelia
69.5%
_____ and Toad are FriendsFrog
68.4%
_____ Way for DucklingsMake
62.9%
_____ EverlastingTuck
60.2%
_____ the PestRamona
51.9%
_____ of Winn-DixieBecause
50.4%
_____ Brown, Boy DetectiveEncyclopedia
42.3%
_____ the Mixed-Up Files of Mrs. Basil E. FrankweilerFrom
40.4%
_____ of Thunder, Hear My CryRoll
38%
_____ the StarsNumber
31.4%
_____ NonaStrega
26.8%
_____ Stories from Wayside SchoolSideways
25.2%
_____ MageeManiac
20.6%

You're not logged in!

Compare scores with friends on all Sporcle quizzes.
Join for Free
OR
Log In

You Might Also Like...

Show Comments

Extras

Top Quizzes Today


Score Distribution

Your Account Isn't Verified!

In order to create a playlist on Sporcle, you need to verify the email address you used during registration. Go to your Sporcle Settings to finish the process.

Report this User

Report this user for behavior that violates our Community Guidelines.

Details: